000 00244nam a2200109 4500
082 _a297.2WAF
100 _aWafa, Jafar
245 _aTowards Understanding Islam
260 _aKarachi:
_bZarin Publishers,
_c1993.
300 _a181p. ;
942 _cBK
999 _c5794
_d5794